000
00322nam a2200133Ia 4500
003
OSt
005
20240219160936.0
008
170524s9999 xx 000 0 und d
020
_a
978-9385676451
040
_c
iimtu meerut
100
_a
Sarkar Swapan kumar
245
2
_a
A Textbook of Discrete Mathematics
942
_2
ddc
_c
02
999
_c
8772
_d
8772